000 00490 a2200169 4500
999 _c6426
_d6426
020 _a1920076824
050 _aPL8771.07 RIS 2005
100 _aRisi, C
245 _aFragile :
_ba poetic diary /
_cC, Rsi, F Risi and C. Frances
264 _aThohoyandou:
_bKalahari Productions and Booksellers,
_c2005.
300 _a135p. :
500 _aIncludes reference
650 _aPoetry
_xEnglish
700 _aRisi, F
_eAuthor
700 _aFrances, C
_eAuthor
942 _2lcc
_cBK
_h8771.07
_iRIS
_kPL